[Event "83rd ESP-ch Women-ch 2018"]
[Site "Linares"]
[Date "2018.08.28"]
[Round "9"]
[White "Moral Garcia, Serafin"]
[Black "Garcia Vicente, Nieves"]
[Result "1/2-1/2"]
[WhiteElo "2287"]
[BlackElo "2181"]
[Annotator "TA"]
[PlyCount "109"]
[EventDate "2018.08.09"]
[EventType "tourn"]
[EventCountry "ESP"]
[SourceTitle "playchess.com"]
[Source "ChessBase"]
[SourceQuality "1"]

{[%evp 17,109,-8,19,-35,-38,-34,0,0,0,-3,34,0,0,-39,-14,-24,0,0,0,0,3,-7,27,0,6,8,0,3,6,6,23,0,16,7,24,0,0,0,0,0,0,0,0,0,0,-18,0,0,0,0,0,0,0,0,0,0,0,0,0,0,0,0,0,0,0,0,0,0,0,0,0,0,0,0,0,0,0,0,0,0,0,0,0,0,0,0,0,0,0,0,0,0,0,0]} 1. e4 e5 2. Nf3 Nc6 3. Bb5 Nf6 4. Qe2 Bc5 5. c3 O-O 6. O-O Re8 7. d3 a6 8. Ba4 h6 {C77: Ruy Lopez: 3...a6 4 Ba4 Nf6, unusual lines} (8... b5 9. Bb3 d6 10. h3 h6 11. Rd1 Bb6 12. Nbd2 Ne7 13. Nf1 Ng6 14. Be3 Bxe3 15. fxe3 c6 16. Ng3 {1-0 (43) Bortnyk,O (2581)-Jakovenko,D (2704) Doha 2016}) 9. Be3 Bf8 {LiveBook: 3 Games} 10. Rd1 ({White should try} 10. c4 $11) 10... d5 $15 {Black is slightly better.} 11. h3 Bd7 $146 ({Predecessor:} 11... b5 12. Bb3 Na5 13. Bc2 c5 14. Bxc5 Bxc5 15. b4 Ba7 16. bxa5 {0-1 (25) Fernandez Cardoso,A (2463)-Gonzalez Vidal,Y (2549) Santa Clara 2014}) 12. Bb3 Be6 13. Nbd2 Qd7 14. Nf1 Rad8 15. g4 Qc8 (15... d4 {looks sharper.} 16. Bxe6 Qxe6 17. Bd2 g6 18. Kg2 Bg7) 16. Ng3 $1 dxe4 17. dxe4 Bxb3 18. axb3 Rxd1+ 19. Rxd1 Rd8 20. Rd3 Rxd3 21. Qxd3 Qd7 22. Ne1 Qxd3 23. Nxd3 Nd7 24. Kf1 Be7 25. Ke2 Na5 26. b4 Nc4 {The position is equal.} 27. Nf5 Bg5 28. Bxg5 hxg5 $11 {[%mdl 4096] Endgame KNN-KNN} 29. b3 Nd6 30. f3 Kf8 31. Ne3 c6 32. Nc5 Ke7 33. Kd3 f6 34. Nf5+ (34. Kd2 {feels hotter.} g6 35. Kc2 Kd8 36. Kd3 Ke7 37. Kc2) 34... Nxf5 35. gxf5 Nxc5+ 36. bxc5 {KP-KP} Kd7 37. Kc4 Kc8 38. Kb4 Kd7 39. Ka5 Kc7 40. c4 Kc8 41. Kb6 Kb8 42. b4 Kc8 43. b5 axb5 44. cxb5 cxb5 45. Kxb5 Kc7 46. Kb4 b6 47. Kb5 {[#] White wants to mate with c6.} bxc5 48. Kxc5 Kd7 49. Kd5 Ke7 50. Kc6 Ke8 51. Kc7 Ke7 52. Kc6 Ke8 53. Kd6 Kd8 54. Ke6 {[#] Strongly threatening Kf7.} Ke8 $1 55. Kd6 {Precision: White = 50%, Black = 63%.} 1/2-1/2

[Event "83rd ESP-ch Women-ch 2018"]
[Site "Linares"]
[Date "2018.08.28"]
[Round "9"]
[White "Jimenez Bernal, Francisco"]
[Black "Comellas Martos, Lidia"]
[Result "1-0"]
[WhiteElo "2250"]
[BlackElo "2001"]
[Annotator "TA"]
[PlyCount "111"]
[EventDate "2018.08.09"]
[EventType "tourn"]
[EventCountry "ESP"]
[SourceTitle "playchess.com"]
[Source "ChessBase"]
[SourceQuality "1"]

{[%evp 21,111,18,50,20,20,20,63,63,63,60,62,56,58,45,64,64,123,100,114,106,105,105,106,87,136,127,202,204,205,132,158,159,205,197,199,206,200,162,196,198,215,0,0,0,0,-114,61,77,102,96,200,50,84,54,74,58,77,91,83,51,90,15,59,11,53,45,43,35,58,58,150,77,144,151,571,572,573,569,558,557,954,955,1524,1503,12834,12835,12833,12831,5717,3928,1312,1310]} 1. c4 e5 2. Nc3 Nf6 3. Nf3 d6 4. d4 Nbd7 5. e4 g6 6. Be2 Bg7 7. O-O O-O 8. Re1 c6 9. Rb1 h6 10. Bf1 Nh7 {E95: King's Indian: Classical: 7...Nbd7 8 Re1} 11. dxe5 dxe5 {LiveBook: 6 Games} 12. Qd6 $146 ({Predecessor:} 12. b4 a5 13. b5 Qe7 14. Na4 Rd8 15. Qb3 Nhf8 16. Ba3 Qf6 17. bxc6 bxc6 18. Nb6 {0-1 (35) Wojtaszek,R (2727)-Movsesian,S (2653) Huaian 2016}) 12... Re8 {The position is equal.} 13. Be3 Bf8 14. Qd2 h5 15. Red1 Qc7 16. b4 Be7 17. c5 Ndf8 18. h3 $36 {[%mdl 2048] White is pushing.} a6 (18... Ne6 $14) 19. Qb2 $16 Be6 20. Na4 f6 21. Nb6 Rad8 22. Nd2 g5 23. Qc2 g4 (23... Kg7 $16 24. Bc4 h4) 24. hxg4 $18 Bxg4 25. f3 Be6 26. Bc4 Kh8 27. Kf2 {Strongly threatening Rh1.} Bxc4 28. Qxc4 Ng6 29. g3 Rg8 30. Rh1 h4 31. gxh4 $2 {[#]} (31. Rbg1 $18) 31... Nf4 $11 32. Bxf4 exf4 33. Nb3 (33. Qc3 $11 {keeps the balance.}) 33... Rg3 $2 (33... f5 $1 $17 {Threatens to win with ...Bf6.} 34. Nd4 (34. exf5 Qe5 $17) 34... fxe4) 34. Qc3 $14 Rdg8 35. Rbg1 Bf8 (35... Nf8 $16) 36. Nc1 (36. Rxg3 $18 fxg3+ 37. Kg2) 36... Rxg1 37. Rxg1 Rxg1 38. Kxg1 {And now Ne2 would win.} Qg7+ 39. Kf1 Qg3 40. Ke2 Qxh4 {[#]} 41. Nc4 (41. Nd3 $1 $16) 41... Bg7 42. Qd3 Qh2+ 43. Kd1 Ng5 {next ...Qh1+ is good for Black.} 44. Nd2 Qg1+ 45. Kc2 Qf2 (45... a5 $1 $14) 46. Ne2 (46. Qd7 $142) 46... Qe3 ({Black should play} 46... a5) 47. Nd4 $16 Qf2 $2 (47... Qg1 $16 {is more resistant.} 48. Nf5 Qa1 49. Qd8+ Kh7) 48. Nf5 $18 {White is clearly winning.} Bf8 49. Qd8 Nh7 50. Qb8 Kg8 51. Qxb7 Ng5 52. Qxc6 Nxf3 53. Qe6+ Kh8 54. Qxf6+ Kg8 55. Qg6+ Kh8 56. Qh5+ {Precision: White = 59%, Black = 31%.} 1-0

[Event "83rd ESP-ch Women-ch 2018"]
[Site "Linares"]
[Date "2018.08.28"]
[Round "9"]
[White "Tudela Corbalan, Carlos"]
[Black "Montero Melendez, Rafael"]
[Result "1/2-1/2"]
[WhiteElo "2246"]
[BlackElo "2367"]
[Annotator "TA"]
[PlyCount "122"]
[EventDate "2018.08.09"]
[EventType "tourn"]
[EventCountry "ESP"]
[SourceTitle "playchess.com"]
[Source "ChessBase"]
[SourceQuality "1"]

{[%evp 18,122,0,0,6,-7,7,-68,-80,-81,41,49,52,0,0,0,4,4,0,0,0,0,0,-54,-51,-223,-222,-219,-219,-196,-209,-679,-679,-1702,-8,-93,-82,-85,-65,-72,-25,-50,0,-16,193,204,198,190,547,278,233,0,505,0,234,130,125,123,192,181,166,159,129,87,82,66,66,66,82,66,120,104,104,105,98,105,118,104,105,88,87,96,72,35,49,45,51,5,6,10,8,0,0,0,0,0,0,0,0,0,0,0,0,0,0,0,262]} 1. f4 g6 2. Nf3 Bg7 3. g3 c5 4. Bg2 Nc6 5. c3 (5. e4 d6 6. d3 Nf6 7. O-O O-O 8. Qe1 Rb8 9. h3 b5 10. g4 c4 11. Be3 Nd7 12. d4 e5 13. dxe5 dxe5 14. f5 Nd4 15. Qf2 Nc5 {1-0 (31) Svidler,P (2753)-Vitiugov,N (2742) Dubai 2014}) 5... d6 6. d3 {A02: Froms Gambit und Bird-Eröffnung} e5 7. O-O h6 $146 ({Vorgänger:} 7... Nge7 8. e4 O-O 9. Be3 b6 10. Nbd2 Ba6 11. Qc2 Rc8 12. Rfe1 Nd4 13. Qb1 Nxf3+ 14. Nxf3 exf4 15. Bxf4 Nc6 16. Qc2 Ne5 17. Rad1 Qd7 18. Rd2 {½-½ (34) Malaniuk,V (2527)-Balogh,C (2608) Bastia 2010}) 8. Na3 Be6 9. e4 Nge7 10. Be3 {LiveBook: 3 Partien} exf4 11. Bxf4 O-O 12. Kh1 (12. Qd2 $11) 12... d5 $1 $15 13. Qe2 g5 (13... Qd7 $17) 14. Bxg5 $14 dxe4 (14... hxg5 $2 15. Nxg5 Bh6 16. Nxe6 $16) 15. dxe4 {Schwarz sollte Le3 verhindern.} hxg5 16. Nxg5 {Weiss droht Dh5 und Matt.} Bh6 17. Nxe6 fxe6 18. Qg4+ Kh7 19. Qxe6 Qd3 20. Rfd1 (20. Nc4 $11) 20... Qe2 $1 $36 {[%mdl 2048] Schwarz steht aktiver.} 21. Rd7 $2 (21. Re1 $15 Qh5 22. Rf1) 21... Rf2 $1 $19 {[%cal Rf2g2]} (21... Qxb2 22. Rg1 $11) 22. Rxe7+ Nxe7 23. Qxe7+ Bg7 24. Rg1 $2 (24. Qh4+ Kg6 25. Rg1) 24... Raf8 $1 {( -> ...Txg2!)} 25. h3 Qxb2 $2 (25... Rxg2 $1 $19 26. Rxg2 Rf1+ 27. Kh2 Qd1) 26. Nc4 (26. Qh4+ $1 $11 {hält das Gleichgewicht.} Kg8 27. e5) 26... Qxc3 27. Qh4+ Kg8 28. e5 $1 Qd4 (28... Rxg2 $5 29. Rxg2 b5 $15) 29. Be4 Re8 30. Qg4 {Und Td1 würde nun gewinnen.} Rxe5 $2 (30... Qxc4 $2 31. Bh7+ $1 {[%mdl 512]} Kxh7 32. Qxc4 $16) (30... Rd8 $11 31. Qe6+ Kf8 32. Bxb7 Qd7 33. Qxd7 Rxd7) 31. Nxe5 $18 Qxe5 32. Rd1 ({Jedoch nicht} 32. Bxb7 $6 Qf5 $16) 32... Rf8 $2 (32... Qf6 {ist zäher.} 33. Kg1 b6) 33. Bd5+ Kh7 34. Be4+ $2 (34. Bxb7 Bh6 35. Be4+ Kh8 36. Rd7 Qa1+ 37. Kh2 (37. Rd1 Rf1+ 38. Rxf1 Qxf1+ 39. Kh2 Be3 $16) 37... Qxa2+ 38. Bg2) 34... Kg8 35. Bd5+ (35. Qg6 $142) 35... Kh7 36. Qh4+ (36. Bxb7 $18 Bh6 37. Be4+ Kh8 38. Rd7 Qa1+ 39. Kh2 (39. Rd1 Qf6 $16) 39... Qxa2+ 40. Bg2) 36... Bh6 $16 37. Bxb7 {Droht stark Td7+.} Rf7 (37... Qg5 $16) 38. Be4+ Kg7 {[#]} 39. Qg4+ $1 Qg5 40. Qxg5+ Bxg5 {[%mdl 4096] Endspiel KTL-KTL} 41. Kg2 Be3 42. Rf1 Rd7 43. Kf3 Bd4 (43... Rf7+ $14 44. Ke2 Rxf1 45. Kxf1 c4) 44. Rc1 Rf7+ 45. Kg4 Rf2 46. Bd5 Kf6 47. Re1 Be5 48. h4 Rd2 {[#]} 49. Rf1+ $1 Ke7 50. Be4 c4 51. Rc1 c3 52. Rc2 Rd4 $1 {[%cal Rd4e4] Die Stellung ist ausgeglichen.} 53. Kf3 Bxg3 $1 54. Kxg3 Rxe4 55. Rxc3 $11 {KT-KT} Ra4 56. Rc2 {Schwarz muss nun Tf2 beachten.} Kf6 57. Rf2+ Kg6 58. Rh2 Kf5 {...Ta3+ ist eine echte Drohung.} 59. Rf2+ Kg6 60. Rh2 Kf5 {Droht ...Ta3+ und aus.} 61. Rf2+ Ke5 $2 {[%mdl 40960] Precision: Weiß = 39%, Schwarz = 50%. . An unexpected result.} (61... Kg6 $11 {und Schwarz muss sich keine Sorgen machen.}) 1/2-1/2

[Event "83rd ESP-ch Women-ch 2018"]
[Site "Linares"]
[Date "2018.08.28"]
[Round "9"]
[White "Silva Rodriguez, Fernando"]
[Black "Perez Beltran, Salvador"]
[Result "1-0"]
[WhiteElo "2239"]
[BlackElo "2018"]
[Annotator "TA"]
[PlyCount "63"]
[EventDate "2018.08.09"]
[EventType "tourn"]
[EventCountry "ESP"]
[SourceTitle "playchess.com"]
[Source "ChessBase"]
[SourceQuality "1"]

{[%evp 17,63,35,25,8,38,42,46,35,62,33,32,29,48,56,51,48,56,59,47,28,51,10,31,-6,10,12,13,-16,0,0,34,-14,0,0,13,0,191,24,116,119,140,98,916,914,910,914,885,882]} 1. e4 c6 2. d4 d5 3. Nd2 {[%cal Bb1d2,Bd2e4,Be4g3][%mdl 32]} dxe4 4. Nxe4 Bf5 5. Ng3 Bg6 6. Nh3 e6 7. Nf4 Qh4 8. c3 {B18: Classical Caro-Kann: 4...Bf5 sidelines} Bd6 9. Ngh5 Bxh5 {LiveBook: 10 Games} 10. Nxh5 $146 {White has an edge.} ({Predecessor:} 10. Qxh5 Qxh5 11. Nxh5 g6 12. Ng3 Nf6 13. Bh6 Nbd7 14. f3 Nd5 15. Ne4 Bf4 16. Bxf4 Nxf4 {½-½ (35) Stevic,H (2614)-Michalik,P (2508) Vienna 2012}) 10... Nf6 (10... g6 {is more complex.} 11. Ng3 Nd7 12. Qd2 f5 13. Bc4 Ngf6) 11. Nxf6+ ({Reject} 11. Nxg7+ Kf8 $17) 11... Qxf6 12. Qb3 b6 13. Be2 O-O 14. Bf3 e5 15. Be3 exd4 16. cxd4 Na6 17. O-O Rfd8 18. Kh1 Nb4 19. Rfc1 Be7 (19... Bf8 {looks sharper.} 20. a3 Nd5 21. Rc2 Qe6 22. Rac1 Rac8) 20. Rc4 Nd5 21. Rac1 Rac8 22. Qc2 Nb4 23. Qb3 Nd5 24. Qc2 Nb4 25. Qb3 c5 26. R4c3 $36 {[%mdl 2048] White is more active.} Na6 $2 {[#]} (26... a5 $11 {and Black is okay.}) 27. Qa4 $2 (27. Bb7 $18) 27... b5 (27... Nb4 $11 {remains equal.}) 28. Qa5 $16 {[%cal Rd4c5]} b4 29. R3c2 {[%cal Rd4c5]} cxd4 $2 {[%mdl 8192]} (29... b3 $16 30. axb3 Nb4) 30. Rxc8 $18 {White is clearly winning.} dxe3 31. Rxd8+ Bxd8 32. Rc8 {Precision: White = 56%, Black = 25%.} 1-0

[Event "83rd ESP-ch Women-ch 2018"]
[Site "Linares"]
[Date "2018.08.28"]
[Round "9"]
[White "Sanchez Vigon, David"]
[Black "Ramos Saavedra, Mario"]
[Result "1-0"]
[WhiteElo "2220"]
[BlackElo "1981"]
[Annotator "TA"]
[PlyCount "45"]
[EventDate "2018.08.09"]
[EventType "tourn"]
[EventCountry "ESP"]
[SourceTitle "playchess.com"]
[Source "ChessBase"]
[SourceQuality "1"]

{[%evp 15,45,0,0,-26,-13,-2,26,-173,-189,-168,-185,-180,-154,-175,-153,-225,-220,-203,-162,-224,0,0,0,0,0,0,395,383,29989,29990,29990,29991]} 1. e4 c5 2. Nc3 d6 3. f4 g6 4. Nf3 Bg7 5. Bc4 Nc6 6. O-O Nf6 7. d3 O-O 8. Qe1 Bg4 {LiveBook: 6 Games. B23: Closed Sicilian: Lines without g3} (8... Nd4 9. Nxd4 cxd4 10. Nd5 Nxd5 11. Bxd5 e6 12. Bb3 a5 13. a4 Bd7 14. Bd2 Kh8 15. Rf2 Qb6 16. Re2 Qc7 17. Qh4 f5 18. Rae1 fxe4 19. Rxe4 {1-0 (44) Robson,R (2596)-Le,Q (2714) Moscow 2012}) 9. Qh4 e6 $146 ({Predecessor:} 9... Bxf3 10. Rxf3 Nd4 11. Rh3 e6 12. f5 Nh5 13. Qf2 a6 14. g4 Nf6 15. Qh4 b5 16. g5 {0-1 (26) Bonatti,W (2512)-Tsvetkov,A (2523) CAPA email 1999}) 10. f5 d5 {[%cal Bd6d5,Bd5c4][%mdl 32] The position is equal.} (10... exf5 $6 11. Bg5 $16) (10... Bxf3 $5 11. fxe6 d5 12. exf7+ Kh8 $11) 11. fxg6 $2 (11. Bxd5 $11 {and White has nothing to worry.} exd5 12. Bg5 Bxf3 13. Nxd5) 11... dxc4 $19 12. gxh7+ Kh8 13. Bg5 {[#] Hoping for e5.} Bxf3 $1 ({Stronger than} 13... cxd3 14. e5 $11) 14. Rxf3 Qd4+ 15. Kh1 (15. Be3 $17 Qe5 16. Rg3) 15... Nd7 16. Be3 Qe5 17. Raf1 (17. dxc4 {might work better.} Nb6 18. Raf1) 17... f6 $2 ({Black should play} 17... Nd4 $19 18. R3f2 cxd3 19. cxd3 f5) 18. Bf4 $1 $11 {[%cal Rf4e5]} Qd4 {aiming for ...Nde5.} 19. Nb5 $1 $36 {[%cal Rb5d4][%mdl 2048] White is pushing.} Qxb2 20. Nc7 Nd4 $2 {[%mdl 8192]} (20... Qxa2 21. Nxa8 Rxa8 22. Bh6 $18) (20... f5 $1 $11 21. Nxa8 Rxa8) 21. Rg3 $18 {[#] White threatens Qg4 and mate.} Rac8 $2 (21... Rf7 $18 22. Nxa8 Ne2) 22. Qg4 {[%csl Gg3][%cal Rg4g7]} Rf7 23. Bh6 {Precision: White = 48%, Black = 46%.} 1-0

[Event "83rd ESP-ch Women-ch 2018"]
[Site "Linares"]
[Date "2018.08.28"]
[Round "9"]
[White "Diaz Castro, Ismael"]
[Black "Garza Marco, Sergio"]
[Result "1-0"]
[WhiteElo "2212"]
[BlackElo "2414"]
[Annotator "TA"]
[PlyCount "95"]
[EventDate "2018.08.09"]
[EventType "tourn"]
[EventCountry "ESP"]
[SourceTitle "playchess.com"]
[Source "ChessBase"]
[SourceQuality "1"]

{[%evp 23,95,28,70,63,93,70,68,41,42,48,44,25,23,23,25,24,18,0,0,0,0,0,18,0,0,0,0,0,0,0,0,0,0,0,0,0,0,0,16,0,0,0,0,0,21,17,27,0,0,0,0,0,0,-9,14,30,159,125,128,130,153,136,212,128,168,133,105,112,119,0,67,31,764,755]} 1. e4 {[%cal Be2e4,Be4e5][%mdl 32]} Nf6 2. e5 Nd5 3. d4 d6 4. c4 Nb6 5. exd6 exd6 6. Nc3 Be7 7. Be3 O-O 8. Bd3 Nc6 9. b3 {B03: Alekhine's Defence: Four Pawns Attack} Bf6 10. Nge2 Bg4 11. Qd2 Re8 12. O-O Nb4 {LiveBook: 8 Games} (12... Bxe2 13. Nxe2 d5 14. c5 Nd7 15. b4 a6 16. Rae1 Nf8 17. Bb1 {1-0 (37) Gelashvili,T (2563)-Berkes,F (2654) Minsk 2017 CBM 179 [Mekhitarian,K]}) 13. h3 Bh5 14. Nf4 $146 ({Predecessor:} 14. Bf5 Bxe2 15. Nxe2 c5 16. Rad1 Qe7 17. d5 {½-½ (42) Kaufman,L (2365)-Greanias,S (2164) Virginia Beach 2005}) 14... Bg6 $1 15. Nxg6 {[#] Hoping for Nf4.} Nxd3 16. Qxd3 hxg6 17. Ne4 d5 18. Nxf6+ Qxf6 19. c5 Nd7 20. Rfe1 c6 21. b4 a6 22. a4 b5 23. Ra2 Rac8 24. axb5 axb5 25. Ra7 Nf8 26. Rea1 {[%cal Be1a1,Ba1a6,Ba6b6,Bb6b7][%mdl 32]} Re7 27. Ra8 Ree8 28. R8a7 Ne6 29. R1a6 Qf5 30. Qd2 Kf8 31. Kh2 g5 32. Qe2 g6 33. Qg4 Kg7 34. Rb6 Rh8 35. Qxf5 (35. f3 {is interesting.} Rhe8 36. Bf2 Ra8 37. Ra5 Nf4 38. Rxa8 Qxg4 39. fxg4 Rxa8 40. Be3) 35... gxf5 36. Rbb7 Rhf8 37. f3 Rce8 38. Bf2 Nf4 {[#] Threatens to win with ...Re2.} 39. Bg3 Ne2 (39... Re3 $11 {remains equal.}) 40. Bd6 Nxd4 41. Bxf8+ Rxf8 $16 {[%mdl 4096] Endgame KRR-KRN} 42. Rc7 Kf6 (42... f4 $16 {is a better defense.} 43. Kg1 Kg6) 43. Ra1 f4 44. Rd1 Ke5 45. Re1+ Kf5 46. Rd1 (46. Kh1 $16) 46... Ke5 $14 47. Kg1 f6 $2 {[%mdl 8192]} (47... Ra8 $14) 48. Re7+ {Precision: White = 44%, Black = 55%.} 1-0

[Event "83rd ESP-ch Women-ch 2018"]
[Site "Linares"]
[Date "2018.08.28"]
[Round "9"]
[White "Porta Tovar, Guillem"]
[Black "Ruiz Casado, Francisco Javier"]
[Result "0-1"]
[WhiteElo "2166"]
[BlackElo "1975"]
[Annotator "TA"]
[PlyCount "68"]
[EventDate "2018.08.09"]
[EventType "tourn"]
[EventCountry "ESP"]
[SourceTitle "playchess.com"]
[Source "ChessBase"]
[SourceQuality "1"]

{[%evp 17,68,13,10,-102,-95,-95,-31,-127,-111,-103,-106,-118,-123,-194,-86,-98,-9,-9,-9,-78,-28,-380,-16,-709,-497,-1513,-608,-920,-917,-897,-844,-839,-620,-666,-604,-537,-341,-406,-416,-377,78,0,5050,2641,29989,1083,29989,1435,918,0,0,0,29995]} 1. e4 e5 2. Nf3 Nc6 3. Bc4 Nf6 4. d3 Bc5 5. a4 a6 6. c3 Ba7 7. Nbd2 d6 8. b4 O-O 9. O-O Ne7 {LiveBook: 14 Games} 10. b5 $146 {C54: Giuoco Piano: 4 c3 Nf6, main lines with 5 d4 and 5 d3} (10. Re1 $11) ({Predecessor:} 10. Re1 Ng6 11. d4 c6 12. h3 Re8 13. Bd3 h6 14. b5 axb5 15. axb5 Be6 16. Nf1 Bb6 17. Be3 Rxa1 18. Qxa1 {½-½ (42) Williamson,H (2524)-Olofsson,D (2555) GER email 2015}) 10... axb5 $17 11. Bxb5 Ng6 (11... c6 $1 $17 {[%cal Rc6b5]} 12. Bc4 d5) 12. Rb1 ({White should play} 12. d4 $15) 12... c6 13. Bc4 d5 14. exd5 cxd5 15. Ba2 (15. Bb5 $17) 15... e4 (15... Qc7 $19 {has better winning chances. And now ...Bf5 would win.} 16. Ba3 Re8) 16. Nd4 Qc7 (16... exd3 17. N2f3 $11) (16... Bxd4 $1 $17 17. cxd4 exd3) 17. dxe4 $1 $11 dxe4 18. Nc4 (18. Nb5 $11 Qb8 19. Nxa7 Qxa7 20. Rb4) 18... Rd8 $40 {[%mdl 128] Strongly threatening ...Bxd4. White needs to defend precisely.} (18... Bxd4 $5 19. Qxd4 Rxa4 $17) 19. h3 $2 {[%mdl 8192] [#]} (19. Nb5 $11 {and White stays safe.} Qe7 20. Qc2) 19... Nh4 $2 ({Weaker is} 19... Bb8 20. g3 $17) (19... Bxh3 $1 $19 {[%mdl 512]} 20. Ba3 (20. gxh3 $2 Bb8 $19) 20... Bb8) 20. Kh1 $2 {[%mdl 8192]} (20. Nb5 $11 Nf3+ 21. Qxf3 Qxc4 22. Bxc4 exf3 23. Nxa7 fxg2 24. Kxg2 Rxa7 25. Bb5) 20... Bxh3 21. gxh3 {[#]} (21. Ne3 $142 Bb8 22. g3) 21... Nf3 $1 {[%mdl 512]} 22. Nxf3 Rxd1 23. Rxd1 exf3 24. Rd3 Ne4 25. Rxf3 Nxf2+ 26. Kg2 Rd8 27. Bf4 Qe7 $1 {Threatens to win with ...Qe6.} (27... Qc6 28. Ne5 $11) 28. Ne5 {[#]} Ne4 $2 ({Black should try} 28... Nd3 $1 $19 {[%cal Rd3f4][%mdl 512]} 29. Bxf7+ (29. Nxd3 Rxd3) 29... Kh8 30. Rxd3 Rxd3) 29. Nxf7 {[#]} (29. Bxf7+ $16 Kh8 30. Ba2) 29... Nd2 $2 {[%mdl 8192]} ({Not} 29... Rf8 $2 30. Nd6+ Kh8 31. Rxb7 $18) (29... Nxc3 $1 $11 {[%mdl 512]} 30. Nh6+ (30. Rxc3 Qe2+) 30... Kh8 31. Nf7+ Kg8 32. Nh6+ Kh8 33. Nf7+ Kg8) 30. Nxd8+ $18 Nc4 31. Rxb7 (31. Bxc4+ $142 Kh8 32. Nf7+ Kg8 33. Bd6 Qe8 {[#]} 34. Re1 $1 {[%mdl 512]} Be3 35. Rexe3 Qc6 36. Nh6+ Kh8 37. Kg1 Qc8 38. Nf7+ Kg8 39. Nd8+ Qxc4 40. Rf8#) 31... Qxd8 32. Be3 (32. Rxa7 $142 h5 33. Bxc4+ Kh7 34. Rg3 Qf6 35. Rgxg7+ Qxg7+ 36. Rxg7+ Kxg7 37. a5) 32... Bxe3 33. Rb1 $2 (33. Bxc4+ $18 Kh8 34. Rxe3) 33... Qd2+ $11 34. Kg3 g5 $2 {[%mdl 40960] Precision: White = 28%, Black = 21%. . Loss on Time!?} (34... Qd6+ $11 35. Kg2 Qd2+ 36. Kh1 g6 37. Bxc4+ Kg7) 0-1

[Event "83rd ESP-ch Women-ch 2018"]
[Site "Linares"]
[Date "2018.08.28"]
[Round "9"]
[White "Cuevas Fernandez, Jose Alberto"]
[Black "Calzetta Ruiz, Monica"]
[Result "1-0"]
[WhiteElo "2147"]
[BlackElo "2302"]
[Annotator "TA"]
[PlyCount "65"]
[EventDate "2018.08.09"]
[EventType "tourn"]
[EventCountry "ESP"]
[SourceTitle "playchess.com"]
[Source "ChessBase"]
[SourceQuality "1"]

{[%evp 20,65,18,20,54,37,52,36,31,21,22,0,38,22,22,24,64,73,87,75,88,54,80,54,66,66,65,65,66,66,64,64,66,25,25,18,56,66,52,0,0,0,0,0,305,162,1258,1037]} 1. c4 c5 2. Nc3 Nc6 3. g3 g6 4. Bg2 Bg7 5. e3 e5 6. Nge2 Nge7 7. O-O O-O 8. d3 d6 9. a3 Be6 10. Nd5 {A36: Symmetrical English vs ...g6: 4 Bg2 Bg7} Qd7 (10... Rb8 11. Nec3 a6 12. b4 e4 13. Rb1 exd3 14. Qxd3 Ne5 15. Qe2 Bf5 16. Nxe7+ Qxe7 17. Nd5 Qd7 {½-½ (38) Reshetnikov,A (2492)-Tregubov,P (2589) Moscow 2017}) 11. Nec3 {LiveBook: 4 Games} Kh8 $146 ({Predecessor:} 11... Bh3 12. Bxh3 Qxh3 13. Bd2 Nxd5 14. Nxd5 f5 15. f4 Rf7 16. Rb1 Nd8 17. b4 Ne6 18. bxc5 dxc5 {½-½ (81) Petrosian,T-Matanovic,A Kiev (Ukraine) 1959}) 12. Rb1 {White is slightly better.} Bh3 13. b4 {aiming for Bxh3.} Bxg2 14. Kxg2 Nxd5 15. Nxd5 Ne7 16. bxc5 dxc5 17. e4 Nxd5 18. exd5 f5 19. f3 Rae8 20. Re1 b6 21. Bb2 h5 22. Qd2 Kh7 23. Re2 Rf7 24. Rbe1 Rfe7 25. Bc3 Qd6 26. h4 b5 27. Qb2 bxc4 28. dxc4 Qa6 29. Bxe5 (29. Qa2 $14) 29... Qxc4 $11 30. d6 Rxe5 31. Rxe5 Re6 $2 {[%mdl 8192] [#]} (31... Rxe5 $11 {and Black is okay.} 32. Rxe5 Bxe5 33. Qxe5 Qc2+ 34. Kg1 (34. Kh3 Qd1 $11) 34... Qd1+ 35. Kg2 Qd2+ 36. Kh3 Qd1) 32. d7 (32. Qe2 $142 Qxe2+ 33. R5xe2 Rxd6 34. Re7) 32... Qd3 $2 (32... Rxe5 33. Qxe5 (33. Rxe5 Bxe5 34. Qxe5 Qc2+ 35. Kh1 Qd1+ 36. Kg2 Qd2+ 37. Kg1 Qxd7 $11) 33... Bxe5) 33. Qe2 {Precision: White = 53%, Black = 42%.} 1-0